Law Of Evidence (Record no. 702669)

MARC details
000 -LEADER
fixed length control field 00364nam a2200145Ia 4500
008 - FIXED-LENGTH DATA ELEMENTS--GENERAL INFORMATION
fixed length control field 230627s9999 xx 000 0 und d
041 ## - LANGUAGE CODE
Language code of text/sound track or separate title eng
082 ## - DEWEY DECIMAL CLASSIFICATION NUMBER
Classification number 345.06
Item number RAN
100 ## - MAIN ENTRY--PERSONAL NAME
Personal name Ranchhoddas R
245 ## - TITLE STATEMENT
Title Law Of Evidence
250 ## - EDITION STATEMENT
Edition statement 19ed.
260 ## - PUBLICATION, DISTRIBUTION, ETC.
Place of publication, distribution, etc. Nagpur
Name of publisher, distributor, etc. Wadhwa And Company Pvt.Ltd.
Date of publication, distribution, etc. 1997
700 ## - ADDED ENTRY--PERSONAL NAME
Personal name Dhirajlal K.T.
700 ## - ADDED ENTRY--PERSONAL NAME
Personal name Thakore D.K.
Holdings
Withdrawn status Lost status Damaged status Not for loan Collection Home library Current library Shelving location Date acquired Cost, normal purchase price Total Checkouts Full call number Barcode Date last seen Price effective from Koha item type
        NLP Social Welfare New Law College, Pune New Law College, Pune NLP-Rack No-134 30/03/2000 250.00   345.06 RAN NLP-NS0109 17/07/2023 17/07/2023 Book